| 000 | 00624cab a2200193 4500 | ||
|---|---|---|---|
| 001 | L135974 | ||
| 008 | 061220n2006 000 0 eng u | ||
| 035 | _a(Sirsi) u135974 | ||
| 041 | 0 | _aeng | |
| 100 | 1 | _aRoss, Jonathan | |
| 245 |
_aCase news _bOates v Stimson |
||
| 260 | _c2006 | ||
| 490 | 0 |
_aProperty Week _v15 December 2006, 68(1) |
|
| 520 | _aA case where an oral agreement on the purchase of a share in a property was upheld several years after it was made. | ||
| 590 | _aKA | ||
| 651 | 4 |
_aEngland _y886- |
|
| 690 | _aPROPERTY-RESIDENTIAL PROPERTY-ACQUISITION AND DISPOSAL OF RESIDENTIAL PROPERTY | ||
| 942 | _n0 | ||
| 999 |
_c78088 _d78088 |
||